Bruneï pour les touristes... - Statistiques

Statistiques générales
  • Ce quiz a été pris 8 fois
  • Le résultat moyen est 5 sur 20
Statistiques - réponses
Question Indice Réponses % Correct
Dans la capitale quel est le décalage horaire avec Paris ? (+ ou - et chiffre) ex - 10 ou + 3,5 + 6
71%
Code sur les plaques minéralogiques BRU
71%
Quelle est la langue officielle ? Malais
71%
Le principal aéroport est B S B Bandar Seri Begawan.
57%
La religion majoritaire est Islam
57%
Le suffixe internet est bn
43%
Combien d'heures (environ) mettrez-vous pour vous y rendre ? (en chiffres) 20
29%
Quel est le climat local ? E Equatorial
29%
Quel est le régime du pays ? M A D D D Monarchie absolue de droit divin
29%
Achats à faire 2/ Boucliers en Bois
14%
Quelle est la monnaie ? Dollar de Bruneï
14%
Comment se nomme la principale compagnie aérienne locale R B A Royal Bruneï Airlines
14%
Achats à faire 3/ Tissus Jong sarat
0%
Quelles sont les principaux lieux touristiques ? K A {Kampong Ayer}
0%
Achats à faire 4/ Poignard local Kriss
0%
Quelles sont les principaux lieux touristiques ? G Marché nocturne de {Gadong}
0%
Quelles sont les principaux lieux touristiques ? O Mosquée {Omar} Ali Saifuddien
0%
Achats à faire 1/ Calendriers en Os de {poisson}
0%
Quelles sont les principaux lieux touristiques ? U T Parc national d' {Ulu Temburong}
0%
Quelles sont les principaux lieux touristiques ? R Royal {Regalia} museum
0%
Aucun quiz correspondant
Distribution des résultats
% des personnes avec chaque résultat
Percentile par nombre de réponses
Votre historique - résultats
Vous n’avez pas pris ce quiz